Growth, profits and property : essays in the revival of political economy
Saved in:
| Other Authors: | |
|---|---|
| Format: | Book |
| Language: | English |
| Published: |
Cambridge :
Cambridge University Press,
1980
|
| Subjects: | |
| Tags: |
Add Tag
No Tags, Be the first to tag this record!
|
MARC
| LEADER | 00000nam a2200000 i 4500 | ||
|---|---|---|---|
| 001 | 1/75468 | ||
| 008 | 970117s1980 eng d | ||
| 020 | |a 0-521-31918-8 | ||
| 035 | |l 10003767 | ||
| 040 | |a GR-MY-UA |b gre |e aacr | ||
| 041 | 0 | |a eng | |
| 082 | 0 | |a 330.1 | |
| 245 | 1 | 0 | |a Growth, profits and property : |b essays in the revival of political economy / |c Edited by Edward J. Nell |
| 260 | |a Cambridge : |b Cambridge University Press, |c 1980 | ||
| 300 | |a 304 p. | ||
| 650 | 0 | 0 | |a Economics. |
| 650 | 0 | 0 | |a Speeches, addresses, etc. |
| 700 | 1 | |a Nell, Edward J. |4 edt | |
| 852 | |a INST |b LESVOS |e 19970117 |h 330.1 GRO |p 005100012334 |q 005100012334 |t BK |y 0 | ||
| 909 | |a Λ |b 03923 | ||